Wanita dan cabaran

Bibliographic Details
Main Author: Mat Saat Baki (Author)
Format: Book
Published: Kuala Lumpur : Kumpulan Karangkraf , 1987
Subjects:

MARC

LEADER 00000cam a2200000 7i4500
001 0000002763
005 20080318093000.0
008 021118s1987
090 0 0 |a HQ1227   |b .M37 
100 0 |a Mat Saat Baki ,   |e author 
245 1 0 |a Wanita dan cabaran   |c Mat Saat Baki 
260 |a Kuala Lumpur :   |b Kumpulan Karangkraf ,   |c 1987 
300 |a 117 p. ;   |c 20 cm. 
650 0 |a Women 
999 |a 1000058687   |b Book   |c OPEN SHELF (30 DAYS)   |e Gong Badak Campus